[Event "CZE-ch Open 2018"]
[Site "Ostrava"]
[Date "2018.05.03"]
[Round "6"]
[White "Mrazek, Lumir"]
[Black "Vlasak, Lukas"]
[Result "0-1"]
[WhiteElo "2327"]
[BlackElo "2381"]
[Annotator "ChessBase"]
[PlyCount "82"]
[EventDate "2018.??.??"]
[EventCountry "CZE"]
[SourceTitle "playchess.com"]
[Source "ChessBase"]
[SourceQuality "1"]
[TimeControl "40/5400+30:900+30"]

1. e4 {[%emt 0:00:00]} e5 {[%emt 0:00:13]} 2. Nc3 {[%emt 0:00:26]} Nf6 {[%emt 0:01:46]} 3. f4 {[%emt 0:03:24]} d5 {[%emt 0:01:12]} 4. fxe5 {[%emt 0:00:34]} Nxe4 {[%emt 0:00:11]} 5. Nf3 {[%emt 0:00:09]} Be7 {[%emt 0:08:17]} 6. Qe2 {[%emt 0:11:33]} Nxc3 {[%emt 0:00:10]} 7. dxc3 {[%emt 0:00:41]} c5 {[%emt 0:01:21]} 8. c4 {[%emt 0:01:50]} Nc6 {[%emt 0:04:19]} 9. cxd5 {[%emt 0:30:58]} Qxd5 {[%emt 0:00:30]} 10. Qc4 {[%emt 0:00:24]} Be6 {[%emt 0:02:37]} 11. Qxd5 {[%emt 0:00:05]} Bxd5 {[%emt 0:00:08]} 12. Bf4 {[%emt 0:00:35]} O-O-O {[%emt 0:11:33]} 13. O-O-O {[%emt 0:05:48]} h6 {[%emt 0:01:13]} 14. Rxd5 {[%emt 0:06:15]} Rxd5 {[%emt 0:00:02]} 15. Bc4 {[%emt 0:00:08]} Rdd8 {[%emt 0:05:25]} 16. Bxf7 {[%emt 0:01:49]} Rhf8 {[%emt 0:01:02]} 17. e6 {[%emt 0:13:12]} Rd5 {[%emt 0:04:13]} 18. c4 {[%emt 0:00:54]} Rf5 {[%emt 0:04:16]} 19. Bg3 {[%emt 0:00:01]} Nd8 {[%emt 0:05:59]} 20. Ne5 {[%emt 0:06:52]} Nxf7 {[%emt 0:07:07]} 21. Nxf7 {[%emt 0:00:45]} Rf6 {[%emt 0:02:33]} 22. Re1 {[%emt 0:00:24]} Re8 {[%emt 0:02:43]} 23. Bd6 {[%emt 0:00:14]} b6 {[%emt 0:04:46]} 24. g4 {[%emt 0:00:01]} Bd8 {[%emt 0:03:00]} 25. Nxd8 {[%emt 0:09:22]} Kxd8 {[%emt 0:00:56]} 26. e7+ {[%emt 0:00:30]} Kd7 {[%emt 0:00:33]} 27. Be5 {[%emt 0:00:28]} Re6 {[%emt 0:01:14]} 28. Rd1+ {[%emt 0:00:46]} Kxe7 {[%emt 0:00:11]} 29. Bxg7 {[%emt 0:00:34]} Rg8 {[%emt 0:00:14]} 30. Bc3 {[%emt 0:00:05]} Rxg4 {[%emt 0:00:12]} 31. Rd2 {[%emt 0:00:11]} Rxc4 {[%emt 0:00:24]} 32. Rg2 {[%emt 0:00:07]} Rf4 {[%emt 0:00:10]} 33. Kc2 {[%emt 0:00:36]} Kd6 {[%emt 0:01:07]} 34. Rg7 {[%emt 0:00:48]} a5 {[%emt 0:00:11]} 35. Kb3 {[%emt 0:00:32]} a4+ {[%emt 0:00:29]} 36. Ka3 {[%emt 0:00:49]} b5 {[%emt 0:00:25]} 37. Bd2 {[%emt 0:00:15]} Rf3+ {[%emt 0:00:42]} 38. b3 {[%emt 0:00:02]} axb3 {[%emt 0:00:24]} 39. axb3 {[%emt 0:00:09]} c4 {[%emt 0:01:26]} 40. Rg3 {[%emt 0:00:07]} Rxg3 {[%emt 0:16:16]} 41. hxg3 {[%emt 0:15:01]} h5 {[%emt 0:00:47]} 0-1

[Event "CZE-ch Open 2018"]
[Site "Ostrava"]
[Date "2018.05.03"]
[Round "6"]
[White "Cerveny, Petr"]
[Black "Cerveny, Martin"]
[Result "1-0"]
[WhiteElo "2315"]
[BlackElo "2379"]
[Annotator "TA"]
[PlyCount "119"]
[EventDate "2018.??.??"]
[EventCountry "CZE"]
[SourceTitle "playchess.com"]
[Source "ChessBase"]
[SourceQuality "1"]

{[%evp 19,119,25,44,41,35,32,37,48,40,22,21,17,52,43,42,48,49,51,73,71,78,52,80,23,125,124,256,260,312,296,288,185,185,145,144,144,144,148,160,153,161,0,0,0,0,0,0,0,0,0,0,0,0,0,111,75,166,125,172,8,11,7,59,59,52,58,59,44,84,90,142,144,286,263,398,413,660,564,488,453,783,766,842,838,768,738,5006,4994,2943,3059,29977,29977,29978,29979,29979,29979,29980,29978,29984,29985,29985,29986]} 1. e4 c5 2. Nf3 d6 3. Bb5+ Bd7 4. Bxd7+ Qxd7 5. c4 Nf6 6. Nc3 g6 {B52: Sicilian: Moscow Variation with 3...Bd7} 7. d4 cxd4 8. Nxd4 Bg7 9. f3 O-O 10. Be3 Rc8 {LiveBook: 79 Games} (10... Nc6 11. O-O a6 12. Qd3 Ne5 13. Qe2 Rac8 14. b3 b5 15. Nd5 Nxd5 16. cxd5 e6 17. dxe6 fxe6 18. Rad1 Nc6 19. Qd2 Nxd4 20. Bxd4 {½-½ (75) Kryvoruchko,Y (2692)-Yilmaz,M (2633) Heraklio 2017}) 11. b3 a6 12. Rc1 b5 13. cxb5 e5 14. Nde2 {[%cal Bd4e2,Be2c1,Bc1d3,Bd3c5][%mdl 32] Strongly threatening b6.} axb5 15. O-O $146 b4 16. Na4 Rxc1 17. Nxc1 Ra5 18. Nd3 Nc6 19. Qd2 $36 {[%mdl 2048] Black is under strong pressure.} Rb5 20. Rd1 h5 21. h3 ({Better is} 21. Rc1 $16) 21... Kh7 {[#]} (21... Qe8 $11) 22. Ndc5 $1 $16 {[%cal Rc5d7][%mdl 512]} Qc8 (22... dxc5 $16 23. Qxd7 Nxd7 24. Rxd7 c4) (22... Rxc5 23. Nxc5) 23. Qxd6 $18 Nd4 24. Bxd4 exd4 25. Qxd4 Ng4 26. Qd7 Rxc5 27. hxg4 Qxd7 28. Rxd7 $16 {[%mdl 4096] Endgame KRB-KRN} Rc1+ 29. Kf2 h4 30. Rxf7 $2 (30. g5 $18) 30... Rc2+ 31. Kf1 {And now f4 would win.} Rc1+ 32. Kf2 {Black must now prevent f4.} Rc2+ 33. Kg1 Kg8 34. Rd7 Rc1+ $1 35. Kf2 {Threatens to win with f4.} Rc2+ 36. Kf1 {Hoping for f4.} Be5 (36... Bh6 $11 {remains equal.}) 37. Rd1 Rxa2 (37... Bc7 $16 {was necessary.}) 38. Nb6 Kf7 39. Nc4 $2 (39. Nd5 $18) 39... Bf4 $1 $11 40. Rb1 {Threatening Rb2.} Ke6 (40... Rc2 $1 $11) 41. Rb2 $14 Ra1+ 42. Ke2 g5 43. Rc2 Rb1 44. Na5 Be5 {[#]} ({Black should try} 44... Kd7) 45. Kd3 $1 $16 Bg3 (45... Rf1 $16 46. Kc4 h3 47. gxh3 Rxf3 48. Kxb4 Bf4) 46. Kc4 $18 Ke5 (46... Bd6 $142 47. Nc6 Rf1) 47. Nc6+ Kf4 (47... Ke6 $142 48. Nxb4 Rf1) 48. Re2 Rc1+ 49. Kd5 Be1 (49... Rd1+ $142 50. Nd4 Bh2) 50. e5 Rd1+ 51. Kc4 Rc1+ 52. Kb5 {aiming for e6.} Kg3 53. e6 Bf2 54. e7 Rc5+ 55. Kxb4 {White mates.} Rxc6 56. e8=Q Rf6 57. Qe5+ Rf4+ 58. Ka5 Kxg2 59. Qxg5 Rxf3 60. Qxh4 {Precision: White = 66%, Black = 37%.} 1-0

[Event "CZE-ch Open 2018"]
[Site "Ostrava"]
[Date "2018.05.03"]
[Round "6"]
[White "Malik, Jan"]
[Black "Benes, Miroslav"]
[Result "1-0"]
[WhiteElo "2284"]
[BlackElo "2004"]
[Annotator "ChessBase"]
[PlyCount "107"]
[EventDate "2018.??.??"]
[EventCountry "CZE"]
[SourceTitle "playchess.com"]
[Source "ChessBase"]
[SourceQuality "1"]
[TimeControl "40/5400+30:900+30"]

1. e4 {[%emt 0:00:00]} e5 {[%emt 0:05:15]} 2. Nf3 {[%emt 0:00:00]} Nc6 {[%emt 0:00:21]} 3. Bc4 {[%emt 0:00:16]} Nf6 {[%emt 0:00:07]} 4. d3 {[%emt 0:00:04]} Bc5 {[%emt 0:00:04]} 5. O-O {[%emt 0:00:22]} d6 {[%emt 0:00:03]} 6. c3 {[%emt 0:00:13]} a6 {[%emt 0:00:05]} 7. Bb3 {[%emt 0:02:44]} Ba7 {[%emt 0:00:07]} 8. Re1 {[%emt 0:01:51]} h6 {[%emt 0:06:30]} 9. Be3 {[%emt 0:01:33]} Bxe3 {[%emt 0:00:41]} 10. Rxe3 {[%emt 0:00:20]} O-O {[%emt 0:00:15]} 11. Nbd2 {[%emt 0:00:33]} Ne7 {[%emt 0:00:58]} 12. d4 {[%emt 0:01:10]} Ng6 {[%emt 0:00:29]} 13. Nf1 {[%emt 0:03:45]} Be6 {[%emt 0:17:42]} 14. Ng3 {[%emt 0:00:26]} Re8 {[%emt 0:08:00]} 15. Ba4 {[%emt 0:06:46]} Bd7 {[%emt 0:06:10]} 16. dxe5 {[%emt 0:01:42]} Ng4 {[%emt 0:01:49]} 17. Re1 {[%emt 0:03:00]} N4xe5 {[%emt 0:00:15]} 18. Bxd7 {[%emt 0:00:46]} Qxd7 {[%emt 0:03:35]} 19. Nxe5 {[%emt 0:03:44]} Nxe5 {[%emt 0:04:07]} 20. f4 {[%emt 0:00:21]} Ng6 {[%emt 0:02:40]} 21. Rf1 {[%emt 0:05:11]} Qc6 {[%emt 0:00:54]} 22. Qd2 {[%emt 0:03:31]} f6 {[%emt 0:08:05]} 23. b3 {[%emt 0:02:33]} a5 {[%emt 0:01:51]} 24. Qd4 {[%emt 0:05:42]} a4 {[%emt 0:03:45]} 25. b4 {[%emt 0:00:08]} b5 {[%emt 0:02:20]} 26. Rad1 {[%emt 0:00:54]} Kh8 {[%emt 0:01:17]} 27. Kh1 {[%emt 0:01:05]} Re7 {[%emt 0:01:25]} 28. Qd3 {[%emt 0:00:46]} Rae8 {[%emt 0:07:09]} 29. Qf3 {[%emt 0:03:28]} Qc4 {[%emt 0:03:32]} 30. Qh5 {[%emt 0:09:39]} Nf8 {[%emt 0:03:33]} 31. Rf3 {[%emt 0:03:13]} Qxa2 {[%emt 0:03:27]} 32. Qxb5 {[%emt 0:00:11]} Qb3 {[%emt 0:01:01]} 33. Ra1 {[%emt 0:01:05]} Ra8 {[%emt 0:00:44]} 34. c4 {[%emt 0:02:31]} Qc2 {[%emt 0:04:11]} 35. Rfa3 {[%emt 0:06:56]} Ng6 {[%emt 0:01:07]} 36. R3a2 {[%emt 0:03:40]} Qc3 {[%emt 0:01:37]} 37. Qf5 {[%emt 0:02:26]} Nf8 {[%emt 0:01:04]} 38. Qd5 {[%emt 0:00:19]} Ree8 {[%emt 0:02:26]} 39. Qf7 {[%emt 0:04:06]} Ne6 {[%emt 0:00:45]} 40. Nh5 {[%emt 0:00:49]} f5 {[%emt 0:15:25]} 41. Ra3 {[%emt 0:22:29]} Qd4 {[%emt 0:00:00]} 42. Qxf5 {[%emt 0:00:00]} Qxc4 {[%emt 0:00:00]} 43. Qg6 {[%emt 0:00:00]} Qd4 {[%emt 0:00:00]} 44. h3 {[%emt 0:00:00]} Nf8 {[%emt 0:00:00]} 45. Qf7 {[%emt 0:00:00]} Rxe4 {[%emt 0:00:00]} 46. f5 {[%emt 0:00:00]} Rae8 {[%emt 0:00:00]} 47. Rf1 {[%emt 0:00:00]} R4e7 {[%emt 0:00:00]} 48. Qa2 {[%emt 0:00:00]} Re2 {[%emt 0:00:00]} 49. Qb1 {[%emt 0:00:00]} Rb2 {[%emt 0:00:00]} 50. Qc1 {[%emt 0:00:18]} Qxb4 {[%emt 0:00:00]} 51. Rg3 {[%emt 0:02:47]} Rbe2 {[%emt 0:01:50]} 52. Rxg7 {[%emt 0:01:02]} Qd2 {[%emt 0:03:43]} 53. Qxc7 {[%emt 0:00:39]} Qd4 {[%emt 0:00:14]} 54. Qf7 {[%emt 0:00:34]} 1-0

[Event "CZE-ch Open 2018"]
[Site "Ostrava"]
[Date "2018.05.03"]
[Round "6"]
[White "Svatos, Jan"]
[Black "Hausner, Ivan"]
[Result "1/2-1/2"]
[WhiteElo "2272"]
[BlackElo "2334"]
[Annotator "NA"]
[PlyCount "24"]
[EventDate "2018.??.??"]
[EventCountry "CZE"]
[SourceTitle "playchess.com"]
[Source "ChessBase"]
[SourceQuality "1"]
[TimeControl "40/5400+30:900+30"]

1. e4 {[%emt 0:00:00]} Nf6 {[%emt 0:00:03]} 2. e5 {[%emt 0:00:00]} Ng8 {[%emt 0:00:05]} 3. d4 {[%emt 0:00:00]} d6 {[%emt 0:00:05]} 4. Nf3 {[%emt 0:01:42]} dxe5 {[%emt 0:00:06]} 5. Nxe5 {[%emt 0:00:05]} Nd7 {[%emt 0:00:03]} 6. Bd3 {[%emt 0:02:13]} g6 {[%emt 0:00:10]} 7. O-O {[%emt 0:00:39]} Bg7 {[%emt 0:00:06]} 8. Re1 {[%emt 0:03:17]} Ngf6 {[%emt 0:00:06]} 9. Nd2 {[%emt 0:07:23]} O-O {[%emt 0:00:14]} 10. Ndf3 {[%emt 0:00:47]} Nxe5 {[%emt 0:02:45]} 11. dxe5 {[%emt 0:01:06]} Nd5 {[%emt 0:00:05]} 12. Bd2 {[%emt 0:04:26]} c6 {[%emt 0:00:33]} 1/2-1/2

[Event "CZE-ch Open 2018"]
[Site "Ostrava"]
[Date "2018.05.03"]
[Round "6"]
[White "Freisler, Pavel"]
[Black "Konopka, Michal"]
[Result "0-1"]
[WhiteElo "2266"]
[BlackElo "2373"]
[Annotator "ChessBase"]
[PlyCount "109"]
[EventDate "2018.??.??"]
[EventCountry "CZE"]
[SourceTitle "playchess.com"]
[Source "ChessBase"]
[SourceQuality "1"]
[TimeControl "40/5400+30:900+30"]

1. Nf3 {[%emt 0:00:00]} d5 {[%emt 0:02:54]} 2. d4 {[%emt 0:00:34]} Nf6 {[%emt 0:04:48]} 3. c4 {[%emt 0:00:26]} dxc4 {[%emt 0:00:44]} 4. e3 {[%emt 0:00:19]} g6 {[%emt 0:00:15]} 5. Bxc4 {[%emt 0:01:24]} Bg7 {[%emt 0:00:19]} 6. O-O {[%emt 0:18:19]} O-O {[%emt 0:00:47]} 7. b4 {[%emt 0:03:58]} Ne8 {[%emt 0:02:53]} 8. Bb2 {[%emt 0:01:21]} Nd6 {[%emt 0:00:15]} 9. Bb3 {[%emt 0:03:04]} a5 {[%emt 0:04:27]} 10. bxa5 {[%emt 0:00:23]} Nc6 {[%emt 0:00:58]} 11. Nbd2 {[%emt 0:01:27]} Nxa5 {[%emt 0:05:29]} 12. e4 {[%emt 0:01:37]} b6 {[%emt 0:14:03]} 13. e5 {[%emt 0:09:20]} Nxb3 {[%emt 0:05:53]} 14. axb3 {[%emt 0:04:46]} Rxa1 {[%emt 0:01:17]} 15. Bxa1 {[%emt 0:00:01]} Nb5 {[%emt 0:02:51]} 16. h3 {[%emt 0:06:24]} Be6 {[%emt 0:08:07]} 17. Qe2 {[%emt 0:01:02]} Qd5 {[%emt 0:04:14]} 18. Nc4 {[%emt 0:07:08]} Ra8 {[%emt 0:09:40]} 19. Rd1 {[%emt 0:00:31]} Bh6 {[%emt 0:05:17]} 20. Bb2 {[%emt 0:04:19]} Ra2 {[%emt 0:01:45]} 21. Ra1 {[%emt 0:06:12]} Rxa1+ {[%emt 0:05:53]} 22. Bxa1 {[%emt 0:00:02]} Qa8 {[%emt 0:00:09]} 23. Qb2 {[%emt 0:09:24]} Bxh3 {[%emt 0:05:34]} 24. Ne3 {[%emt 0:05:30]} Be6 {[%emt 0:01:12]} 25. Nd2 {[%emt 0:03:07]} Bg7 {[%emt 0:07:46]} 26. Qc1 {[%emt 0:02:18]} h5 {[%emt 0:00:47]} 27. Bb2 {[%emt 0:00:26]} Bh6 {[%emt 0:00:59]} 28. Qc2 {[%emt 0:02:15]} Bd5 {[%emt 0:01:33]} 29. Qd3 {[%emt 0:00:49]} Qc6 {[%emt 0:01:32]} 30. Ndc4 {[%emt 0:01:29]} Be4 {[%emt 0:00:49]} 31. Qd2 {[%emt 0:01:12]} e6 {[%emt 0:01:04]} 32. f3 {[%emt 0:03:25]} Bd5 {[%emt 0:01:24]} 33. Qd3 {[%emt 0:00:10]} Bf8 {[%emt 0:00:26]} 34. Bc1 {[%emt 0:00:42]} Na7 {[%emt 0:00:14]} 35. Bd2 {[%emt 0:00:21]} Nc8 {[%emt 0:00:13]} 36. Nc2 {[%emt 0:01:25]} Qd7 {[%emt 0:00:21]} 37. Bg5 {[%emt 0:00:24]} c5 {[%emt 0:00:12]} 38. dxc5 {[%emt 0:00:36]} Bxc5+ {[%emt 0:00:06]} 39. Kh2 {[%emt 0:00:20]} Bc6 {[%emt 0:00:19]} 40. Qxd7 {[%emt 0:02:32]} Bxd7 {[%emt 0:15:02]} 41. b4 {[%emt 0:00:00]} Bf8 {[%emt 0:00:00]} 42. Be3 {[%emt 0:00:00]} Ba4 {[%emt 0:00:00]} 43. N4a3 {[%emt 0:00:00]} Be7 {[%emt 0:00:00]} 44. Bd4 {[%emt 0:02:55]} Kf8 {[%emt 0:00:00]} 45. Kg3 {[%emt 0:00:22]} Ke8 {[%emt 0:00:00]} 46. Kf4 {[%emt 0:00:48]} Kd7 {[%emt 0:00:00]} 47. Ke4 {[%emt 0:00:25]} Kc6 {[%emt 0:00:00]} 48. Bc3 {[%emt 0:05:47]} Bxc2+ {[%emt 0:00:00]} 49. Nxc2 {[%emt 0:00:02]} Kb5 {[%emt 0:00:00]} 50. Kd3 {[%emt 0:01:40]} Ka4 {[%emt 0:00:25]} 51. f4 {[%emt 0:02:18]} b5 {[%emt 0:01:02]} 52. Bd2 {[%emt 0:02:59]} Nb6 {[%emt 0:02:23]} 53. Nd4 {[%emt 0:01:00]} Nd5 {[%emt 0:00:59]} 54. Nc6 {[%emt 0:00:22]} Bxb4 {[%emt 0:00:13]} 55. Kd4 0-1

[Event "CZE-ch Open 2018"]
[Site "Ostrava"]
[Date "2018.05.03"]
[Round "6"]
[White "Miesbauer, Jan"]
[Black "Stocek, Jiri"]
[Result "0-1"]
[WhiteElo "2261"]
[BlackElo "2568"]
[Annotator "TA"]
[PlyCount "98"]
[EventDate "2018.??.??"]
[EventCountry "CZE"]
[SourceTitle "playchess.com"]
[Source "ChessBase"]
[SourceQuality "1"]

{[%evp 9,98,3,10,16,21,18,20,0,23,3,75,60,74,71,48,41,79,73,73,77,69,66,70,74,66,24,16,7,0,-37,-29,-45,-38,-62,-32,-28,0,0,29,17,16,0,0,0,0,0,40,-21,-12,-14,-22,-19,-18,-21,-12,-47,-24,-24,-28,-65,0,-32,0,0,0,-31,-35,-139,-95,-183,-172,-174,-181,-222,-209,-221,-222,-312,-305,-469,-372,-577,-557,-534,-499,-717,-685,-704,-351,-29991,-29992]} 1. c4 e5 2. Nc3 Bb4 3. g3 Nf6 4. Bg2 h6 (4... O-O 5. Nf3 e4 6. Nd4 Re8 7. O-O Nc6 8. Nc2 Bxc3 9. bxc3 d6 10. Ne3 Be6 11. Rb1 b6 12. d3 Bd7 13. h3 Rb8 14. Kh2 exd3 15. exd3 Ne7 16. Rb2 Bc6 17. f4 d5 {0-1 (50) Nepomniachtchi,I (2751)-Karjakin,S (2783) chess.com INT 2017}) 5. Nd5 Bc5 6. e3 {A22: English Opening: 1...e5 2 Nc3 Nf6} O-O 7. Ne2 d6 $146 ({Predecessor:} 7... Re8 8. O-O d6 9. a3 a5 10. f4 Nxd5 11. cxd5 Bg4 12. h3 Bxe2 13. Qxe2 {½-½ (70) Rego,P (2245)-Rocha,S (2415) Porto 2013}) 8. O-O {The position is equal.} c6 9. d4 {Hoping for Nxf6+.} Bb6 (9... cxd5 $11 {remains equal.} 10. dxc5 e4) 10. Nxb6 $16 axb6 11. Nc3 Bg4 12. f3 Be6 13. d5 cxd5 14. cxd5 Bd7 15. e4 b5 16. b4 Na6 {[%cal Bb8a6,Ba6b4,Bb4c2][%mdl 32]} 17. Be3 Nxb4 18. Qb3 Qa5 19. Rfb1 Rfc8 20. Bf1 {[#]} Nc2 $1 {[%mdl 512]} 21. Qxc2 Rxc3 22. Qf2 $1 Qa4 23. Bd2 $1 {[%cal Rd2c3]} Rcc8 24. Bd3 Qa3 25. Qe2 Ra4 26. Bc1 Qc3 $36 {[%mdl 2048] Black has good play.} 27. Bd2 Qc7 28. a3 {[#]} (28. Kg2 $14) 28... Rxa3 $1 $11 {[%mdl 512]} 29. Rxa3 Qc5+ 30. Kg2 Qxa3 31. Bb4 Qa6 32. Qb2 Ne8 33. Ra1 Qb6 34. Qf2 Qc7 ({Better is} 34... Bh3+ $1 $15 35. Kg1 Qd8) 35. Qe3 b6 36. Ra6 Rb8 37. Qe1 Qc8 38. Qa1 (38. Ra3 $15) 38... f5 39. Ra7 (39. h4 $17) 39... fxe4 $19 40. fxe4 {[#]} Bh3+ $1 41. Kf2 {[#]} Qd8 $1 42. Qd1 Nf6 43. Ke1 (43. Kg1 {was called for.}) 43... Rc8 44. Qd2 (44. Ra3 $142) 44... Ng4 45. Ra1 (45. Ra3 $142 Qf6 46. Bxb5) 45... Qf6 {...Qf3 is the strong threat.} 46. Qe2 Rf8 47. Bxb5 (47. Ra3 $142 Nf2 48. Bxb5) 47... Qg6 48. Bd7 Nf2 (48... Nxh2 $142 49. Bxh3 Qxg3+ 50. Kd1 Qb3+ 51. Kc1 Qxb4 52. Be6+ Kh8) 49. Qxf2 $2 (49. Be6+ $19 Bxe6 50. dxe6 Qxe6 51. Ra3) 49... Qxe4+ {Precision: White = 38%, Black = 60%.} 0-1

[Event "CZE-ch Open 2018"]
[Site "Ostrava"]
[Date "2018.05.03"]
[Round "6"]
[White "Belunek, Vladimir"]
[Black "Jelinek, Michal"]
[Result "1/2-1/2"]
[WhiteElo "2216"]
[BlackElo "2134"]
[Annotator "NA"]
[PlyCount "98"]
[EventDate "2018.??.??"]
[EventCountry "CZE"]
[SourceTitle "playchess.com"]
[Source "ChessBase"]
[SourceQuality "1"]
[TimeControl "40/5400+30:900+30"]

1. d4 {[%emt 0:00:00]} Nf6 {[%emt 0:00:53]} 2. c4 {[%emt 0:00:00]} e6 {[%emt 0:00:07]} 3. Nc3 {[%emt 0:00:00]} Bb4 {[%emt 0:00:25]} 4. e3 {[%emt 0:00:00]} b6 {[%emt 0:00:31]} 5. Nge2 {[%emt 0:00:24]} Ba6 {[%emt 0:03:43]} 6. a3 {[%emt 0:00:50]} Bxc3+ {[%emt 0:00:35]} 7. Nxc3 {[%emt 0:00:07]} d5 {[%emt 0:00:42]} 8. b3 {[%emt 0:00:44]} O-O {[%emt 0:00:52]} 9. Be2 {[%emt 0:00:19]} dxc4 {[%emt 0:00:53]} 10. bxc4 {[%emt 0:00:08]} Nc6 {[%emt 0:00:34] E45: Nimzo-Indian: Rubinstein: 4...b6 5 Ne2 Ba6} 11. Bf3 {[%emt 0:10:23]} Na5 $146 {[%emt 0:03:48]} ({Predecessor:} 11... Qd7 12. Qa4 Bb7 13. O-O Na5 14. Qxd7 Nxd7 15. Bxb7 Nxb7 16. Ne4 Na5 17. Nd2 Rfd8 18. Ra2 {0-1 (35) Galje,H (2139)-Van Oosterom,C (2386) Hoogeveen 2009}) 12. Bxa8 {[%emt 0:01:31]} Qxa8 {[%emt 0:00:08]} 13. O-O {[%emt 0:00:22]} Bxc4 {[%emt 0:02:12]} 14. Re1 {[%emt 0:01:51]} Rd8 {[%emt 0:10:34]} 15. Qf3 {[%emt 0:05:33]} Qxf3 {[%emt 0:04:39]} 16. gxf3 {[%emt 0:01:15]} c5 {[%emt 0:02:40]} 17. dxc5 {[%emt 0:01:01]} Nb3 {[%emt 0:06:55]} 18. Rb1 {[%emt 0:00:39]} Nxc5 {[%emt 0:00:33]} 19. Bb2 {[%emt 0:26:08]} Nd3 {[%emt 0:10:10]} 20. Red1 {[%emt 0:01:22]} Nd7 {[%emt 0:02:52]} 21. Ne4 {[%emt 0:03:40]} f5 {[%emt 0:01:43]} 22. Nd6 {[%emt 0:01:29]} Nxb2 {[%emt 0:12:01]} 23. Rxb2 {[%emt 0:00:43]} Ne5 {[%emt 0:00:23]} 24. f4 {[%emt 0:06:56]} Nf3+ {[%emt 0:06:03]} 25. Kg2 {[%emt 0:00:48]} Bd5 {[%emt 0:00:08]} 26. Rxd5 {[%emt 0:04:12]} exd5 {[%emt 0:09:59]} 27. Nxf5 {[%emt 0:11:41]} Ne1+ 28. Kf1 {[%emt 0:00:22]} Nd3 {[%emt 0:07:13]} 29. Rd2 {[%emt 0:01:05]} Nc5 {[%emt 0:02:08]} 30. Rxd5 {[%emt 0:01:52]} Rxd5 {[%emt 0:00:15]} 31. Ne7+ {[%emt 0:00:09]} Kf7 {[%emt 0:00:07]} 32. Nxd5 {[%emt 0:00:03]} Ke6 {[%emt 0:01:14]} 33. Nc3 {[%emt 0:00:15]} a5 {[%emt 0:05:05]} 34. Ke2 {[%emt 0:01:23]} Kd6 {[%emt 0:00:16]} 35. e4 {[%emt 0:03:44]} Ne6 36. f5 {[%emt 0:07:50]} Nd4+ {[%emt 0:04:33]} 37. Kd3 {[%emt 0:00:07]} Nf3 {[%emt 0:00:44]} 38. h3 {[%emt 0:00:57]} Kc5 {[%emt 0:01:13]} 39. Na4+ {[%emt 0:04:06]} Kc6 {[%emt 0:01:40]} 40. Nc3 {[%emt 0:00:20]} b5 {[%emt 0:16:23]} 41. Nd5 {[%emt 0:17:00]} Kd6 {[%emt 0:00:00]} 42. f6 {[%emt 0:00:00]} gxf6 {[%emt 0:00:00]} 43. Nxf6 {[%emt 0:00:00]} h6 {[%emt 0:00:00]} 44. Ng4 {[%emt 0:00:00]} h5 {[%emt 0:00:00]} 45. Nf6 {[%emt 0:00:00]} h4 {[%emt 0:00:00]} 46. Nd5 {[%emt 0:00:00]} Ng5 {[%emt 0:00:00]} 47. Nf4 {[%emt 0:00:00]} b4 {[%emt 0:00:00]} 48. axb4 {[%emt 0:00:00]} axb4 {[%emt 0:00:00]} 49. Kd4 {[%emt 0:00:00]} Nf3+ $11 {[%emt 0:00:00]} 1/2-1/2

[Event "CZE-ch Open 2018"]
[Site "Ostrava"]
[Date "2018.05.03"]
[Round "6"]
[White "Gnida, Patrik"]
[Black "Jedlicka, Ales"]
[Result "1-0"]
[WhiteElo "2165"]
[BlackElo "2238"]
[Annotator "NA"]
[PlyCount "99"]
[EventDate "2018.??.??"]
[EventCountry "CZE"]
[SourceTitle "playchess.com"]
[Source "ChessBase"]
[SourceQuality "1"]
[TimeControl "40/5400+30:900+30"]

1. c4 {[%emt 0:03:16]} c5 {[%emt 0:00:32]} 2. Nc3 {[%emt 0:00:08]} g6 {[%emt 0:00:25]} 3. Nf3 {[%emt 0:00:26]} Bg7 {[%emt 0:00:20]} 4. g3 {[%emt 0:00:06]} Nc6 {[%emt 0:00:17] A34: Symmetrical English: 2 Nc3, lines with ...d5} 5. d3 {[%emt 0:00:04]} (5. Bg2 e5 6. d3 Nge7 7. Nd2 d6 8. Nf1 a6 9. Bg5 Rb8 10. a4 Be6 11. Bxe7 Nxe7 12. Ne3 h5 13. h4 O-O 14. Ned5 Nc6 15. e3 a5 16. O-O Nb4 17. Qd2 Qd7 18. Nxb4 cxb4 19. Ne4 Kh8 20. Ng5 Rbe8 21. Nxe6 {½-½ (21) Adhiban,B (2655)-Wei,Y (2743) Wijk aan Zee 2018}) 5... e6 {[%emt 0:00:15]} 6. Be3 {[%emt 0:02:19]} d6 $146 {[%emt 0:00:55]} ({Predecessor:} 6... Nge7 7. Bxc5 d5 8. Ba3 Qa5 9. Qd2 O-O 10. cxd5 Bxc3 11. Qxc3 Qxd5 {1-0 (20) Finkenzeller,A (2270)-Brown,T (2230) London,Canada 1995}) 7. Qd2 {[%emt 0:00:31]} Nd4 {[%emt 0:02:24]} 8. h4 {[%emt 0:02:30]} Nxf3+ {[%emt 0:00:26]} 9. exf3 {[%emt 0:00:02]} Ne7 {[%emt 0:02:07]} 10. d4 {[%emt 0:02:30]} cxd4 {[%emt 0:01:45]} 11. Bxd4 {[%emt 0:00:38]} e5 {[%emt 0:00:18]} 12. Be3 {[%emt 0:00:09]} Nf5 {[%emt 0:07:28]} 13. O-O-O {[%emt 0:00:28]} Be6 {[%emt 0:01:12]} 14. g4 {[%emt 0:04:52]} Nxe3 {[%emt 0:01:26]} 15. fxe3 {[%emt 0:00:01]} Qb6 {[%emt 0:02:43]} 16. Kb1 {[%emt 0:10:11]} O-O-O {[%emt 0:01:57]} 17. e4 {[%emt 0:01:01]} Kb8 {[%emt 0:03:22]} 18. h5 {[%emt 0:01:37]} Qb4 {[%emt 0:02:37]} 19. Rh2 {[%emt 0:15:51]} Rd7 {[%emt 0:03:09]} 20. Nb5 {[%emt 0:16:44]} Qxd2 {[%emt 0:12:45]} 21. Rhxd2 {[%emt 0:00:30]} gxh5 {[%emt 0:00:15]} 22. gxh5 {[%emt 0:00:14]} Bh6 {[%emt 0:00:59]} 23. Rxd6 {[%emt 0:01:29]} Rxd6 {[%emt 0:00:08]} 24. Rxd6 {[%emt 0:00:10]} Rg8 {[%emt 0:01:04]} 25. Kc2 {[%emt 0:08:54]} a6 {[%emt 0:02:32]} 26. Nc3 {[%emt 0:00:37]} Rg1 {[%emt 0:01:34]} 27. Rd1 {[%emt 0:02:47]} Rh1 {[%emt 0:00:48]} 28. Be2 {[%emt 0:00:07]} Rxh5 {[%emt 0:01:10]} 29. Rd8+ {[%emt 0:01:27]} Ka7 {[%emt 0:00:42]} 30. b3 {[%emt 0:01:56]} Be3 {[%emt 0:00:35]} 31. f4 {[%emt 0:00:39]} Rh2 {[%emt 0:04:50]} 32. f5 {[%emt 0:01:43]} Bb6 {[%emt 0:00:11]} 33. Rd2 {[%emt 0:03:30]} Bc8 {[%emt 0:00:32]} 34. Bd3 {[%emt 0:04:04]} Rxd2+ {[%emt 0:01:59]} 35. Kxd2 {[%emt 0:00:01]} Ba5 {[%emt 0:03:44]} 36. a3 {[%emt 0:00:16]} Bxc3+ {[%emt 0:02:36]} 37. Kxc3 {[%emt 0:00:01]} Kb6 {[%emt 0:00:34]} 38. b4 {[%emt 0:00:25]} Kc6 {[%emt 0:00:53]} 39. Kd2 {[%emt 0:00:24]} Kd6 {[%emt 0:04:05]} 40. Ke3 {[%emt 0:00:19]} Ke7 {[%emt 0:15:35]} 41. Kf3 {[%emt 0:15:58]} Kf6 {[%emt 0:06:07]} 42. Kg4 {[%emt 0:00:10]} Bd7 {[%emt 0:02:10]} 43. b5 {[%emt 0:01:12]} axb5 {[%emt 0:00:20]} 44. cxb5 {[%emt 0:00:00]} b6 {[%emt 0:00:37]} 45. Bc4 {[%emt 0:00:48]} Be8 {[%emt 0:09:12]} 46. a4 {[%emt 0:01:32]} Ke7 {[%emt 0:00:45]} 47. Kg5 {[%emt 0:00:59]} Kd6 {[%emt 0:11:14]} 48. Kh6 {[%emt 0:00:49]} Kc5 {[%emt 0:00:17]} 49. Bd5 {[%emt 0:00:04]} Kb4 {[%emt 0:00:29]} 50. Bc6 {[%emt 0:00:15]} 1-0